Catálogo

Santuarios Marianos mexicanos / (Registro nro. 56946)

Detalles MARC
000 -LEADER
fixed length control field 01067cam a2200301 i 4500
001 - CONTROL NUMBER
control field 56946
003 - CONTROL NUMBER IDENTIFIER
control field Mx-PuUPA
005 - DATE AND TIME OF LATEST TRANSACTION
control field 20211104114220.0
008 - FIXED-LENGTH DATA ELEMENTS--GENERAL INFORMATION
fixed length control field 140415s2002 sp a r 000 0 spa d
020 ## - INTERNATIONAL STANDARD BOOK NUMBER
International Standard Book Number 9681863747
040 ## - CATALOGING SOURCE
Original cataloging agency MX-PuUPA
Language of cataloging spa
Description conventions rda
Transcribing agency Mx-PuUPA
Modifying agency Mx-PuUPA
041 0# - LANGUAGE CODE
Language code of text/sound track or separate title spa
100 1# - MAIN ENTRY--PERSONAL NAME
Personal name Kelkheim, Rita,
Relator term autor
9 (RLIN) 6485
245 10 - TITLE STATEMENT
Title Santuarios Marianos mexicanos /
Statement of responsibility, etc. Rita Kelkheim.
250 ## - EDITION STATEMENT
Edition statement 1a edición.
264 #1 - PRODUCTION, PUBLICATION, DISTRIBUTION, MANUFACTURE, AND COPYRIGHT NOTICE
Place of production, publication, distribution, manufacture España :
Name of producer, publisher, distributor, manufacturer Editorial Limusa,
Date of production, publication, distribution, manufacture, or copyright notice 2002
300 ## - PHYSICAL DESCRIPTION
Extent 205 páginas :
Other physical details ilustraciones, fotografías (a color) ;
Dimensions 31 cm.
336 ## - CONTENT TYPE
Content type term texto
Fuente rdacontent
Content type code txt
337 ## - MEDIA TYPE
Media type term sin medio
Source rdamedia
Media type code n
338 ## - CARRIER TYPE
Carrier type term volumen
Source rdacarrier
Carrier type code nc
600 04 - SUBJECT ADDED ENTRY--PERSONAL NAME
Personal name María,
Titles and other words associated with a name Santísima Virgen, Santa,
General subdivision Devoción
Geographic subdivision México
600 04 - SUBJECT ADDED ENTRY--PERSONAL NAME
Personal name María,
Titles and other words associated with a name Santísima Virgen, Santa,
General subdivision Santuarios
Geographic subdivision México
650 #4 - SUBJECT ADDED ENTRY--TOPICAL TERM
Topical term or geographic name entry element Edificios de la iglesia y costumbre
General subdivision Obras pictóricas
Geographic subdivision México
651 #4 - SUBJECT ADDED ENTRY--GEOGRAPHIC NAME
Geographic name México
General subdivision Vida religiosa y costumbres
942 ## - ADDED ENTRY ELEMENTS (KOHA)
Classification part 232.910972
Item part K295
Koha item type Libro
Source of classification or shelving scheme Dewey Decimal Classification
Existencias
Withdrawn status Lost status Source of classification or shelving scheme Damaged status Not for loan Collection code Home library Current library Shelving location Date acquired Source of acquisition Total Checkouts Full call number Barcode Date last seen Price effective from Koha item type
    Dewey Decimal Classification     Referencia Biblioteca Karol Wojtyla Biblioteca Karol Wojtyla Área de silencio 03/12/2013 Compra   232.910972 K295 2002 86056 05/01/2026 29/01/2018 Libro R
    Dewey Decimal Classification     General Centro de Estudios Guadalupanos Centro de Estudios Guadalupanos Sala general 14/11/2014 Compra   291.350972 KEL 2002 92648 05/01/2026 14/11/2014 Libro